[Event "Online Olym Div3 B 2021"]
[Site "chess.com INT"]
[Date "2021.08.27"]
[Round "3.4"]
[Board "5"]
[White "Kebede, Yoseph Kifle"]
[Black "Arkadan, Adib"]
[Result "0-1"]
[WhiteElo "1814"]
[BlackElo "1742"]
[WhiteTeam "Ethiopia"]
[BlackTeam "Lebanon"]
[WhiteFideId "15708063"]
[BlackFideId "5304946"]
[EventDate "2021.08.27"]
[EventType "team"]

1. e4 c5 2. Nf3 Nc6 3. d4 cxd4 4. Nxd4 Nf6 5. Nc3 d6 6. Bc4 g6 7. Nxc6 bxc6 8.
e5 Ng4 9. Bf4 d5 10. Be2 h5 11. Qd4 Qb6 12. Qxb6 axb6 13. h3 Nh6 14. O-O Nf5 15.
a3 e6 16. Rad1 Be7 17. Bd3 g5 18. Bxf5 exf5 19. Be3 b5 20. f4 g4 21. hxg4 hxg4
22. g3 Bb7 23. Rf2 O-O-O 24. Rh2 Rxh2 25. Kxh2 Rh8+ 26. Kg1 Rh3 27. Bf2 c5 28.
Nxd5 Bd8 29. b3 c4 30. bxc4 bxc4 31. Rd4 Kb8 32. Kf1 Rh1+ 33. Ke2 Ba5 34. Nf6
Bf3+ 35. Ke3 Ka8 36. Rd6 Bc7 37. Kd4 Bxd6 38. exd6 Kb7 39. d7 Rd1+ 40. Kxc4 Bc6
41. Bd4 Kc7 42. Kc5 Bxd7 43. Nd5+ Kd8 44. Bf6+ Kc8 45. Nb6+ Kb7 46. Nc4 Be6 47.
Nd6+ Kc7 48. Nb5+ Kd7 49. a4 Rd5+ 50. Kb6 Rd2 51. c3 Bc4 52. Nd4 Ra2 53. a5 Rb2+ 0-1

[Event "Online Olym Div3 B 2021"]
[Site "chess.com INT"]
[Date "2021.08.27"]
[Round "3.5"]
[Board "1"]
[White "Mansour, Sameer"]
[Black "O'Donnell, Conor"]
[Result "1-0"]
[WhiteTitle "IM"]
[BlackTitle "FM"]
[WhiteElo "2308"]
[BlackElo "2314"]
[WhiteTeam "Jordan"]
[BlackTeam "Ireland"]
[WhiteFideId "8100144"]
[BlackFideId "2504243"]
[EventDate "2021.08.27"]
[EventType "team"]

1. Nf3 c5 2. g3 d5 3. Bg2 g6 4. O-O Bg7 5. c4 d4 6. e3 Nc6 7. exd4 cxd4 8. d3 e5
9. Re1 f6 10. b4 Nxb4 11. Qa4+ Nc6 12. Nxd4 Qxd4 13. Bxc6+ Kd8 14. Qa5+ b6 15.
Qa3 Rb8 16. Be3 1-0

[Event "Online Olym Div3 B 2021"]
[Site "chess.com INT"]
[Date "2021.08.27"]
[Round "3.5"]
[Board "2"]
[White "Jessel, Stephen"]
[Black "Loay, Sameer"]
[Result "1/2-1/2"]
[WhiteTitle "FM"]
[BlackTitle "IM"]
[WhiteElo "2297"]
[BlackElo "2197"]
[WhiteTeam "Ireland"]
[BlackTeam "Jordan"]
[WhiteFideId "628859"]
[BlackFideId "8104239"]
[EventDate "2021.08.27"]
[EventType "team"]

1. Nf3 g6 2. e4 Bg7 3. d4 d6 4. Nc3 Nf6 5. h3 O-O 6. Be3 e5 7. dxe5 dxe5 8. Qxd8
Rxd8 9. Bc4 Nbd7 10. O-O-O Rf8 11. Rd2 c6 12. Rhd1 h6 13. Rd6 Re8 14. a4 Bf8 15.
R6d3 Kg7 16. g4 g5 17. Ne2 Nc5 18. Rd8 Rxd8 19. Rxd8 Be7 20. Rd1 Nfxe4 21. Nxe5
Be6 22. Bxe6 Nxe6 23. Rd7 Bf6 24. Nxf7 N4c5 25. Bxc5 Nxc5 26. Rc7 Ne6 27. Rxb7
Nc5 28. Rc7 Ne6 29. Rb7 Nc5 30. Rc7 Ne6 31. Rb7 1/2-1/2

[Event "Online Olym Div3 B 2021"]
[Site "chess.com INT"]
[Date "2021.08.27"]
[Round "3.5"]
[Board "3"]
[White "Boshra, Alshaeby"]
[Black "Gelip, Ioana"]
[Result "0-1"]
[WhiteTitle "WFM"]
[BlackTitle "WFM"]
[WhiteElo "2033"]
[BlackElo "2185"]
[WhiteTeam "Jordan"]
[BlackTeam "Ireland"]
[WhiteFideId "8102937"]
[BlackFideId "1202260"]
[EventDate "2021.08.27"]
[EventType "team"]

1. e4 e6 2. d4 d5 3. Nd2 c5 4. exd5 Qxd5 5. Ngf3 cxd4 6. Bc4 Qd8 7. O-O Nf6 8.
Nb3 Nc6 9. Nbxd4 Nxd4 10. Nxd4 Bc5 11. Nb3 Qxd1 12. Rxd1 Bb6 13. Bf4 Bd7 14. a4
Ne4 15. Bg3 Rc8 16. Bd3 Nxg3 17. hxg3 Bc6 18. a5 Bd8 19. Nd4 Bd5 20. Nb5 O-O 21.
Nxa7 Ra8 22. Nb5 Rxa5 23. Rxa5 Bxa5 24. Ra1 Bb6 25. b4 Bc6 26. c4 g6 27. c5 Bd8
28. Ra8 Bf6 29. Rxf8+ Kxf8 30. Na7 Bd5 31. b5 Bd4 32. c6 bxc6 33. Nxc6 Bc5 34.
Kf1 Ke8 35. Ne5 f6 36. Nc4 Kd7 37. Nd2 Kc7 38. Ne4 Bd4 39. Ke2 Kb6 40. f3 Be5
41. f4 Bd4 42. Nd2 Bxg2 43. Nf3 Bc5 44. Bc4 Bh3 45. Nd2 Bf5 46. Kf3 Bc2 47. Bxe6
Kxb5 48. Bg8 h6 49. Ne4 Be7 50. Bf7 g5 51. fxg5 hxg5 52. Nc3+ Kc5 53. Nd5 Bd8
54. Ne3 Ba4 55. g4 Bc6+ 56. Kf2 Kd4 57. Bg8 Ke4 58. Nf5 Kf4 59. Be6 Bb6+ 60. Kf1
Bf3 61. Nh6 Be3 62. Ng8 Bd4 63. Nh6 Kg3 64. Nf5+ Kxg4 65. Nxd4+ Kg3 66. Nxf3
Kxf3 67. Bd7 g4 68. Bc6+ Kg3 69. Kg1 f5 70. Bd5 f4 71. Bc6 f3 72. Bd5 Kf4 73.
Bc6 g3 74. Kf1 Ke3 75. Bxf3 Kxf3 76. Kg1 g2 77. Kh2 Kf2 78. Kh3 g1=Q 0-1

[Event "Online Olym Div3 B 2021"]
[Site "chess.com INT"]
[Date "2021.08.27"]
[Round "3.5"]
[Board "4"]
[White "Ferguson, Dayna"]
[Black "Alattar, Ghayda M."]
[Result "0-1"]
[BlackTitle "WFM"]
[WhiteElo "1734"]
[BlackElo "1868"]
[WhiteTeam "Ireland"]
[BlackTeam "Jordan"]
[WhiteFideId "2509342"]
[BlackFideId "8101531"]
[EventDate "2021.08.27"]
[EventType "team"]

1. d4 Nf6 2. Bg5 c5 3. Bxf6 gxf6 4. c3 cxd4 5. cxd4 d5 6. e3 Nc6 7. Nc3 Bg7 8.
Nf3 O-O 9. Bd3 e5 10. dxe5 fxe5 11. e4 d4 12. Nd5 Be6 13. Qc2 Rc8 14. Qb1 f5 15.
exf5 Bxd5 16. f6 Qxf6 17. Bxh7+ Kh8 18. Be4 Nb4 19. a3 Bxe4 20. Qxe4 Nc2+ 21.
Ke2 Qa6+ 22. Kd2 Qh6+ 23. Ke2 Nxa1 24. Rxa1 Rf4 25. Qxb7 Rc2+ 26. Kf1 e4 27. Qb3
d3 28. Ne1 Rcxf2+ 0-1

[Event "Online Olym Div3 B 2021"]
[Site "chess.com INT"]
[Date "2021.08.27"]
[Round "3.5"]
[Board "5"]
[White "Mohammad Harahsheh"]
[Black "Venkatesan, Kavin"]
[Result "0-1"]
[WhiteElo "1616"]
[BlackElo "2011"]
[WhiteTeam "Jordan"]
[BlackTeam "Ireland"]
[WhiteFideId "8112444"]
[BlackFideId "2512602"]
[EventDate "2021.08.27"]
[EventType "team"]

1. e4 c5 2. Nf3 a6 3. c3 d5 4. exd5 Qxd5 5. Na3 b5 6. Nc2 Nc6 7. a4 b4 8. Ne3
Qd8 9. Bc4 e6 10. Qe2 Be7 11. Bd3 Nf6 12. Nc4 Bb7 13. O-O O-O 14. Bc2 Na5 15.
Nxa5 Qxa5 16. Rd1 Rfd8 17. d4 bxc3 18. bxc3 Qxc3 19. Bb2 Bxf3 20. gxf3 Qa5 21.
d5 Rxd5 22. Bxf6 Bxf6 23. Qe4 g6 24. Rxd5 exd5 25. Qxd5 Rd8 26. Qa2 Bxa1 27.
Qxa1 Qd2 28. Be4 Qd1+ 29. Qxd1 Rxd1+ 30. Kg2 Ra1 0-1

[Event "Online Olym Div3 B 2021"]
[Site "chess.com INT"]
[Date "2021.08.27"]
[Round "3.5"]
[Board "6"]
[White "Bueckert, Diana"]
[Black "Ruba Al-Qudah"]
[Result "1/2-1/2"]
[WhiteElo "1305"]
[BlackElo "1269"]
[WhiteTeam "Ireland"]
[BlackTeam "Jordan"]
[WhiteFideId "2513552"]
[BlackFideId "8114595"]
[EventDate "2021.08.27"]
[EventType "team"]

1. d4 Nf6 2. Nf3 g6 3. e3 Bg7 4. Be2 O-O 5. O-O d6 6. c4 c5 7. Nc3 Bg4 8. h3 Bd7
9. b3 Ne8 10. Bb2 Nc6 11. dxc5 dxc5 12. a3 Nd6 13. Qc2 Bf5 14. Qc1 Ne4 15. Nxe4
Bxb2 16. Qxb2 Bxe4 17. Rfd1 Qb6 18. Ng5 Bf5 19. Qc3 Rfd8 20. e4 Bd7 21. e5 h6
22. Ne4 Nd4 23. Bf1 Bf5 24. Ng3 Be6 25. b4 Rac8 26. b5 a6 27. a4 axb5 28. axb5
Qc7 29. f4 Ra8 30. Kh2 Rxa1 31. Rxa1 Rc8 32. Bd3 Rd8 33. Ra5 b6 34. Ra1 Bc8 35.
Be4 Bb7 36. Ra7 Rb8 37. Nf1 Qc8 38. Bxb7 Rxb7 39. Rxb7 Qxb7 40. Qe3 Kg7 41. Nd2
Qa7 42. Qc3 Qd7 43. Ne4 Qf5 44. Qe3 Qe6 45. Qd3 Qf5 46. Qe3 Qe6 47. Qd3 Qf5 48.
Qe3 1/2-1/2

[Event "Online Olym Div3 B 2021"]
[Site "chess.com INT"]
[Date "2021.08.28"]
[Round "4.1"]
[Board "1"]
[White "Eiti, Bashir"]
[Black "O'Donnell, Conor"]
[Result "0-1"]
[WhiteTitle "IM"]
[BlackTitle "FM"]
[WhiteElo "2340"]
[BlackElo "2314"]
[WhiteTeam "Syria"]
[BlackTeam "Ireland"]
[WhiteFideId "7601875"]
[BlackFideId "2504243"]
[EventDate "2021.08.27"]
[EventType "team"]

1. d4 Nf6 2. Bf4 d5 3. e3 c5 4. c3 Nc6 5. Nd2 e6 6. Ngf3 cxd4 7. exd4 Nh5 8. Bg5
f6 9. Be3 Bd6 10. Nh4 g6 11. g3 O-O 12. Bd3 e5 13. Qb3 Be6 14. O-O Qd7 15. Be2
Ng7 16. f4 exd4 17. Bxd4 Nxd4 18. cxd4 Bc7 19. Ng2 Bb6 20. Nf3 Bg4 21. Ne3 Bxf3
22. Bxf3 Bxd4 23. Kh1 Bxe3 24. Qxe3 d4 25. Qb3+ Kh8 26. Rad1 Nf5 27. Rd2 Rfd8
28. Qxb7 Qxb7 29. Bxb7 Rab8 30. Be4 Ne3 31. Rc1 Rd7 32. Kg1 Kg7 33. h3 f5 34.
Bf3 Kf6 35. Kf2 Rb6 36. Rc5 h5 37. b3 Rbd6 38. b4 Re6 39. Bc6 Rdd6 40. b5 g5 41.
fxg5+ Kxg5 42. h4+ Kf6 43. Bf3 Ng4+ 44. Kg2 Re1 45. Rc6 Ree6 46. a4 Ne3+ 47. Kf2
Ng4+ 48. Bxg4 hxg4 49. Rxd6 Rxd6 50. Ke2 Ke5 51. Kd3 f4 52. Re2+ Kf5 53. gxf4 g3
54. Re7 g2 55. Re5+ Kxf4 56. Rg5 Kf3 57. h5 Rd5 58. Rg8 Rxh5 59. Kxd4 Rh4+ 60.
Kc5 Rg4 61. Rf8+ Kg3 62. a5 g1=Q+ 63. Kc6 Rg6+ 64. Kb7 Rg7+ 65. Ka6 Qc5 66. Rd8
Rg6+ 67. Kb7 Qxb5+ 68. Ka8 Qc6+ 69. Kb8 Rd6 70. Rg8+ Kf4 71. Rf8+ Rf6 72. Rh8
Rf7 73. a6 Qd6+ 74. Ka8 Qd5+ 75. Kb8 Qe5+ 76. Ka8 Qxh8# 0-1

[Event "Online Olym Div3 B 2021"]
[Site "chess.com INT"]
[Date "2021.08.28"]
[Round "4.1"]
[Board "2"]
[White "Jessel, Stephen"]
[Black "Koniahli, Malek."]
[Result "1-0"]
[WhiteTitle "FM"]
[BlackTitle "FM"]
[WhiteElo "2297"]
[BlackElo "2255"]
[WhiteTeam "Ireland"]
[BlackTeam "Syria"]
[WhiteFideId "628859"]
[BlackFideId "7603495"]
[EventDate "2021.08.27"]
[EventType "team"]

1. Nf3 g6 2. e4 Bg7 3. d4 d6 4. Nc3 Nf6 5. h3 O-O 6. Be3 a6 7. a4 Nbd7 8. Bc4 e5
9. dxe5 dxe5 10. O-O Qe7 11. Qe2 c6 12. Rfd1 h6 13. Qd2 Nc5 14. Bxh6 Ncxe4 15.
Nxe4 Nxe4 16. Qe3 Nd6 17. Bxg7 Kxg7 18. Qc5 Rd8 19. Nxe5 Be6 20. a5 Qf8 21. Bxe6
fxe6 22. Ra4 Nf7 23. Qxf8+ Kxf8 24. Rxd8+ Rxd8 25. Rf4 Rd1+ 26. Kh2 Rd2 27.
Rxf7+ Ke8 28. f4 Rxc2 29. Rxb7 Rc5 30. b4 Rc2 31. Nxg6 1-0

[Event "Online Olym Div3 B 2021"]
[Site "chess.com INT"]
[Date "2021.08.28"]
[Round "4.1"]
[Board "3"]
[White "Mahmoud, Roula"]
[Black "Kanyamarala, Trisha"]
[Result "0-1"]
[WhiteTitle "WFM"]
[BlackTitle "WIM"]
[WhiteElo "1765"]
[BlackElo "2180"]
[WhiteTeam "Syria"]
[BlackTeam "Ireland"]
[WhiteFideId "7601263"]
[BlackFideId "45004722"]
[EventDate "2021.08.27"]
[EventType "team"]

1. e4 c5 2. Nf3 d6 3. d4 cxd4 4. Nxd4 Nf6 5. Nc3 Nc6 6. Be3 Ng4 7. Qd2 Nxe3 8.
Qxe3 Qb6 9. O-O-O Nxd4 10. Qxd4 Qxd4 11. Rxd4 Bd7 12. Bb5 Bc6 13. Rhd1 e6 14. f4
Be7 15. f5 a6 16. Bc4 b5 17. Bb3 e5 18. R4d3 b4 19. Bd5 Rc8 20. Bxc6+ Rxc6 21.
Nd5 a5 22. a3 bxa3 23. Rxa3 Rc5 24. Rb3 Bg5+ 25. Kb1 O-O 26. g3 h5 27. h4 Bd8
28. f6 gxf6 29. Rf3 Kg7 30. Ne3 Bc7 31. Nf5+ Kg6 32. Nxd6 Rd8 33. Rfd3 Bxd6 34.
Rxd6 Rxd6 35. Rxd6 Rc4 36. b3 Rxe4 37. Ra6 Rd4 38. Rxa5 e4 39. c3 e3 40. Kc2 e2
41. Ra1 Rg4 42. Re1 Rxg3 43. Rxe2 f5 44. c4 f4 45. Rf2 f3 46. Kd3 Kf5 47. Ke3
Kg4 48. c5 f5 49. c6 f4+ 50. Ke4 Rg1 51. Rc2 Rg2 52. Rc1 Re2+ 53. Kd3 Re3+ 54.
Kd4 f2 55. c7 Re8 56. Kd5 f3 57. Kd6 Kg3 58. Kd7 Rg8 59. b4 Kg2 60. b5 f1=Q 61.
Rxf1 Kxf1 62. c8=Q Rxc8 63. Kxc8 f2 64. b6 Kg2 65. b7 f1=Q 66. b8=Q Qf8+ 67. Kc7
Qxb8+ 68. Kxb8 Kh3 69. Kc7 Kxh4 70. Kd6 Kg3 71. Ke5 h4 72. Ke4 h3 73. Ke3 h2 74.
Ke2 h1=Q 75. Kd3 Qd5+ 76. Ke3 Kg4 0-1

[Event "Online Olym Div3 B 2021"]
[Site "chess.com INT"]
[Date "2021.08.28"]
[Round "4.1"]
[Board "5"]
[White "Kareem, Hneidi."]
[Black "Kanyamarala, Tarun"]
[Result "0-1"]
[BlackTitle "FM"]
[WhiteElo "1967"]
[BlackElo "2369"]
[WhiteTeam "Syria"]
[BlackTeam "Ireland"]
[WhiteFideId "7608730"]
[BlackFideId "45004714"]
[EventDate "2021.08.27"]
[EventType "team"]

1. e4 c6 2. Nf3 d5 3. exd5 cxd5 4. d4 Nf6 5. Bd3 g6 6. O-O Bg7 7. Re1 O-O 8. h3
Nc6 9. c3 Bf5 10. Bxf5 gxf5 11. Bg5 Ne4 12. Bh4 Qd6 13. Ng5 Qh6 14. Nxe4 Qxh4
15. Ng3 e6 16. Nd2 Kh8 17. Qh5 Qf6 18. Nf3 Bh6 19. Qh4 Qxh4 20. Nxh4 Rg8 21. Nf3
Rg6 22. Re2 Rag8 23. Nh4 Rg5 24. Nf3 R5g7 25. Ne1 Rg6 26. Nh5 f4 27. Kh1 Ne7 28.
g4 fxg3 29. Nxg3 Bf4 30. Ng2 Bxg3 31. fxg3 Rxg3 32. Kh2 Rf3 33. Nh4 Rf4 34. Ng2
Rf6 35. Ne3 h5 36. Rg1 Rxg1 37. Kxg1 Ng6 38. Rf2 Rxf2 39. Kxf2 Kg7 40. Kf3 Kf6
41. Ng2 Kg5 42. Kg3 Ne7 43. h4+ Kh6 44. Kf4 Ng6+ 45. Kg3 Kg7 46. Ne1 Kf6 47. Nf3
Kf5 48. Ng5 Nh8 49. Kf3 f6 50. Nh3 Ng6 51. Kg3 Ke4 52. Ng1 Kd3 53. Nf3 Kc2 0-1

[Event "Online Olym Div3 B 2021"]
[Site "chess.com INT"]
[Date "2021.08.28"]
[Round "4.2"]
[Board "1"]
[White "Khairallah, Faisal"]
[Black "Mansour, Sameer"]
[Result "1-0"]
[WhiteTitle "FM"]
[BlackTitle "IM"]
[WhiteElo "2247"]
[BlackElo "2308"]
[WhiteTeam "Lebanon"]
[BlackTeam "Jordan"]
[WhiteFideId "4628250"]
[BlackFideId "8100144"]
[EventDate "2021.08.27"]
[EventType "team"]

1. d4 Nf6 2. Bg5 g6 3. Bxf6 exf6 4. e3 Bg7 5. g3 O-O 6. Bg2 d6 7. Ne2 f5 8. O-O
Nd7 9. c4 Nf6 10. Nbc3 c6 11. Qd3 Re8 12. b4 Qe7 13. b5 Ne4 14. Rab1 Be6 15.
bxc6 bxc6 16. Nxe4 fxe4 17. Qxe4 Bxc4 18. Qxe7 Rxe7 19. Bxc6 Rc8 20. Bf3 Bxe2
21. Bxe2 Bxd4 22. Ba6 Rc6 23. Bb5 Rc2 24. exd4 Rxa2 25. Ra1 Rd2 26. Rfd1 Rxd1+
27. Rxd1 Rb7 28. Bc6 Rb6 29. d5 a5 30. Re1 Ra6 31. Ba4 Kg7 32. Rc1 Rb6 33. Bc6
Kf6 34. Ra1 Ra6 35. f4 Kf5 36. Kf2 Ke4 37. Ke2 Kd4 38. Kd2 Ra7 39. Ra4+ Kc5 40.
Kc3 Kb6 41. Re4 f5 42. Re6 Kc5 43. Kb3 a4+ 44. Ka3 Rg7 45. Re2 g5 46. Rf2 Kd4
47. fxg5 Rxg5 48. Kxa4 Ke5 49. Kb5 Rg4 50. Kb6 h5 51. Kc7 h4 52. Re2+ Re4 53.
Rg2 hxg3 54. hxg3 Rg4 55. Re2+ Re4 56. Rg2 Rg4 57. Kd7 Rg7+ 58. Ke8 Kf6 59. Re2
Rxg3 60. Re6+ Kg5 61. Rxd6 f4 62. Re6 f3 63. Re1 Kf4 64. d6 f2 65. Rf1 Ke3 66.
d7 Rg8+ 67. Kf7 Rh8 68. Ke7 Rh7+ 69. Kd6 Rh8 70. Kc7 Rh7 71. Kc8 Rh6 72. Bb5 1-0

[Event "Online Olym Div3 B 2021"]
[Site "chess.com INT"]
[Date "2021.08.28"]
[Round "4.2"]
[Board "2"]
[White "Loay, Sameer"]
[Black "Antonios, Johnny"]
[Result "1/2-1/2"]
[WhiteTitle "IM"]
[BlackTitle "CM"]
[WhiteElo "2197"]
[BlackElo "2257"]
[WhiteTeam "Jordan"]
[BlackTeam "Lebanon"]
[WhiteFideId "8104239"]
[BlackFideId "5300843"]
[EventDate "2021.08.27"]
[EventType "team"]

1. Nf3 Nf6 2. g3 b5 3. Bg2 Bb7 4. O-O e6 5. d3 Be7 6. e4 d6 7. Nbd2 O-O 8. Re1
Nbd7 9. a4 a6 10. Nf1 c5 11. c3 Qc7 12. Bf4 Ne5 13. d4 Nxf3+ 14. Bxf3 cxd4 15.
cxd4 Rfc8 16. d5 e5 17. Be3 Qc2 18. Qxc2 Rxc2 19. axb5 Rxb2 20. bxa6 Rxa6 21.
Rxa6 Bxa6 22. Ra1 Bxf1 23. Ra8+ Bf8 24. Kxf1 Rb4 25. Bc1 Rb1 26. Rc8 g6 27. Kg2
Kg7 28. h4 Rb4 29. h5 gxh5 30. Rc7 Kg6 31. Rc8 Be7 32. Rc7 Bd8 33. Rc6 Nxe4 34.
Ba3 Ra4 35. Bxd6 Nxd6 36. Rxd6+ Bf6 37. Bxh5+ Kg5 38. Bxf7 Ra2 39. Re6 Rd2 40.
Bg8 h5 41. d6 Kf5 42. Bf7 e4 43. Re8 Bd4 44. Be6+ Kf6 45. Kh3 Bxf2 46. d7 Bg1
47. d8=Q+ Rxd8 48. Rxd8 Kxe6 49. Kg2 Bc5 50. Rh8 Bd4 51. Rxh5 Kd6 52. g4 Ke6 53.
Kg3 Be5+ 54. Kf2 Bd4+ 55. Ke2 Kd6 56. Rb5 Ke6 57. Rb8 Ke5 58. Rf8 Bc5 59. Rf1
Kd6 60. g5 Ke6 61. Rf4 Bd6 62. Rxe4+ Kf5 63. Rd4 Bf4 64. Rd5+ Kg6 65. Kf3 Bxg5
66. Kg4 Bc1 67. Rd6+ Kf7 68. Kf5 Ke7 69. Rd3 Bb2 70. Rb3 Ba1 71. Ke4 Kd6 72.
Rd3+ Ke6 73. Ra3 Bb2 74. Ra6+ Ke7 75. Rb6 Ba1 76. Kd5 Bc3 77. Rb3 Ba1 78. Re3+
Kf6 79. Re2 Bc3 80. Rc2 Ba1 81. Rc6+ Kf5 82. Rc1 Bb2 83. Rf1+ Kg5 84. Ke6 Bc3
85. Rf3 Bb2 86. Rf5+ Kg4 87. Rb5 Bc3 88. Kd5 Kf4 89. Rb7 Ba1 90. Rb1 Bc3 91. Rd1
Bb2 92. Rd3 Ba1 93. Rb3 Bh8 94. Ke6 Ba1 95. Rb8 Bc3 96. Rf8+ Ke4 97. Rg8 Kf4 98.
Rc8 Ba1 99. Rc4+ Ke3 100. Kd5 Bb2 101. Re4+ Kf3 102. Rb4 Ba1 103. Rb3+ Kf4 104.
Rh3 Bb2 105. Rh4+ Kf3 106. Rb4 Ba1 107. Rb3+ Kf4 108. Ra3 Bb2 109. Ra2 Bc3 110.
Kc4 Bh8 111. Kd5 Bc3 112. Re2 Ba1 113. Re4+ Kf3 114. Re1 Bb2 115. Rh1 Kf4 1/2-1/2

[Event "Online Olym Div3 B 2021"]
[Site "chess.com INT"]
[Date "2021.08.28"]
[Round "4.2"]
[Board "3"]
[White "Mouradian, Knarik"]
[Black "Boshra, Alshaeby"]
[Result "1/2-1/2"]
[WhiteTitle "WIM"]
[BlackTitle "WFM"]
[WhiteElo "2121"]
[BlackElo "2033"]
[WhiteTeam "Lebanon"]
[BlackTeam "Jordan"]
[WhiteFideId "5300517"]
[BlackFideId "8102937"]
[EventDate "2021.08.27"]
[EventType "team"]

1. e4 c5 2. Nc3 Nc6 3. g3 g6 4. Bg2 Bg7 5. d3 e5 6. Be3 d6 7. Qd2 Be6 8. Nge2
Nge7 9. O-O O-O 10. Bh6 Qd7 11. Bxg7 Kxg7 12. f4 h6 13. Rf2 Nd4 14. Raf1 f5 15.
Nd5 Bxd5 16. exd5 Rae8 17. fxe5 dxe5 18. c4 Nc8 19. a3 Nd6 20. b4 b6 21. Nxd4
exd4 22. bxc5 bxc5 23. Re1 Qa4 24. Rfe2 Qxa3 25. Re6 Qc3 26. Qf4 Rxe6 27. Rxe6
Nf7 28. Re7 Qxd3 29. Qe5+ Kg8 30. Qf6 Qd1+ 31. Bf1 Qg4 32. d6 Qg5 33. Qxg5 Nxg5
34. Rxa7 Ne4 35. d7 Rd8 36. Kg2 Kf7 37. Bd3 Ke7 38. Kf3 Nf6 39. Ra5 Nxd7 40. h4
Ne5+ 41. Ke2 Nxd3 42. Kxd3 Rc8 43. Ra6 Kf7 44. Ra7+ Kf6 45. Ra6+ Kf7 46. Ra7+
Ke6 47. Ra6+ Kd7 48. Rxg6 Rc6 49. Rg7+ Kd6 50. Rh7 Ke5 51. Re7+ Kf6 52. Rh7 Kg6
53. Re7 Kh5 54. Rg7 Re6 55. Rc7 Re3+ 56. Kd2 Re5 57. Kd3 Re3+ 58. Kd2 Rxg3 59.
Rxc5 Kg4 60. Rc6 h5 61. Rd6 d3 62. c5 Kxh4 63. c6 Rg7 64. Rd7 Rg6 65. c7 Rc6 66.
Kxd3 f4 67. Rf7 Kg3 68. Ke4 h4 69. Rg7+ Kh2 70. Kxf4 h3 71. Ke5 Kh1 72. Kd5 Rc3
73. Kd6 h2 74. Kd7 Rxc7+ 75. Kxc7 1/2-1/2

[Event "Online Olym Div3 B 2021"]
[Site "chess.com INT"]
[Date "2021.08.28"]
[Round "4.2"]
[Board "4"]
[White "Alattar, Ghayda M."]
[Black "Jalloul, Maya"]
[Result "1-0"]
[WhiteTitle "WFM"]
[BlackTitle "WFM"]
[WhiteElo "1868"]
[BlackElo "1861"]
[WhiteTeam "Jordan"]
[BlackTeam "Lebanon"]
[WhiteFideId "8101531"]
[BlackFideId "5300800"]
[EventDate "2021.08.27"]
[EventType "team"]

1. d4 Nf6 2. Nc3 d6 3. e4 g6 4. Be2 Bg7 5. h4 h6 6. Be3 Nbd7 7. Qd2 c6 8. O-O-O
Qc7 9. f3 Nh5 10. g4 Ng3 11. Rh2 Nxe2+ 12. Rxe2 Nb6 13. Qd3 Bd7 14. Rg2 O-O-O
15. Kb1 Kb8 16. Nge2 Be6 17. d5 Bd7 18. Bd4 Bxd4 19. Nxd4 c5 20. Nde2 Rc8 21.
Ng3 Na4 22. Nge2 Qb6 23. Nxa4 Bxa4 24. Nc3 Bd7 25. f4 Qa5 26. e5 h5 27. exd6
exd6 28. Ne4 Bxg4 29. Rc1 Bf5 30. Qf3 Qc7 31. Ng5 Rhe8 32. Rf2 Bg4 33. Qc3 Re7
34. Nf3 Rce8 35. Nd2 b5 36. Qb3 Qb7 37. a4 a6 38. Nf1 c4 39. Qb4 Rd8 40. axb5
axb5 41. Nd2 Bf5 42. Nf3 Re4 43. Ng5 Rd7 44. Nxe4 Bxe4 45. Re2 Bf5 46. Re8+ Kc7
47. Qa5+ Qb6 48. Rc8+ Kxc8 49. Qxb6 1-0

[Event "Online Olym Div3 B 2021"]
[Site "chess.com INT"]
[Date "2021.08.28"]
[Round "4.2"]
[Board "5"]
[White "Arkadan, Adib"]
[Black "Amr Majdalawi"]
[Result "1-0"]
[BlackTitle "CM"]
[WhiteElo "1742"]
[BlackElo "1806"]
[WhiteTeam "Lebanon"]
[BlackTeam "Jordan"]
[WhiteFideId "5304946"]
[BlackFideId "8106401"]
[EventDate "2021.08.27"]
[EventType "team"]

1. d4 c5 2. d5 e5 3. e4 d6 4. c4 g6 5. Nc3 Bg7 6. g3 Ne7 7. Bg2 a6 8. Nge2 O-O
9. O-O f5 10. f4 Nd7 11. exf5 Nxf5 12. Ne4 Nb6 13. Qd3 Nd4 14. Nxd4 exd4 15. Bd2
Na4 16. b3 Nc3 17. Nxc3 dxc3 18. Bxc3 Bf5 19. Qd2 Qd7 20. Rae1 Rae8 21. Bxg7
Qxg7 22. h3 h5 23. Kh2 Qf7 24. Bf3 Qf6 25. Kg2 Kf7 26. g4 hxg4 27. hxg4 Bd7 28.
Rh1 Rh8 29. Kg3 Rxh1 30. Rxh1 Rh8 31. Rxh8 Qxh8 32. Qh2 Qg7 33. Qh4 Qf6 34.
Qxf6+ Kxf6 35. g5+ Kf7 36. Bg4 Be8 37. Bc8 b5 38. Bxa6 bxc4 39. bxc4 Ba4 40. Bb5
Bc2 41. a4 Ke7 42. Kf3 Kd8 43. Bc6 Bd3 44. Bb5 Bc2 45. a5 Kc7 46. Be8 Bd3 47.
Bb5 Kb7 48. Ke3 Bf5 49. Kd2 Ka7 50. Ke3 Kb7 51. Kd2 Ka7 52. Kc3 Kb7 53. Kb3 Ka7
54. a6 Kb6 55. Ka3 Bd3 56. Kb3 Bf5 57. Ka3 Bd3 58. Bd7 Bxc4 59. Be6 Bd3 60. f5
Bxf5 61. Bxf5 gxf5 62. g6 f4 63. g7 1-0

[Event "Online Olym Div3 B 2021"]
[Site "chess.com INT"]
[Date "2021.08.28"]
[Round "4.3"]
[Board "3"]
[White "A-Ali, Sali Abbas Abdulzahra"]
[Black "Haile, Lidet, Abate"]
[Result "1-0"]
[WhiteTitle "WFM"]
[WhiteElo "1919"]
[BlackElo "1606"]
[WhiteTeam "Iraq"]
[BlackTeam "Ethiopia"]
[WhiteFideId "4804929"]
[BlackFideId "15702073"]
[EventDate "2021.08.27"]
[EventType "team"]

1. e4 e5 2. Bc4 Nf6 3. d3 Bc5 4. Nf3 d6 5. c3 O-O 6. Bg5 h6 7. Bh4 Be6 8. Bb3
Bxb3 9. axb3 Nbd7 10. O-O c6 11. Nbd2 Re8 12. Re1 Nf8 13. d4 Bb6 14. dxe5 dxe5
15. Nc4 Ng6 16. Bg3 Nd7 17. Qc2 Bc7 18. Rad1 Qe7 19. Rd2 Rad8 20. Red1 f6 21. b4
Nb6 22. Na5 Rxd2 23. Rxd2 Bd8 24. Ne1 Nc8 25. Nc4 Bc7 26. f3 Qe6 27. b3 b5 28.
Na5 Bxa5 29. bxa5 a6 30. Nd3 Qe7 31. Bf2 Qc7 32. b4 Nd6 33. Nc5 Nc4 34. Rd7 Qc8
35. Qd1 Nf4 36. Bg3 Ne3 37. Qb3+ Kh7 38. Bxf4 exf4 39. Qf7 Rg8 40. Ne6 Qe8 41.
Qxe8 Rxe8 42. Nxg7 Rg8 43. Nh5+ Kg6 44. Nxf4+ Kg5 45. g3 f5 46. e5 Nc4 47. h4# 1-0

[Event "Online Olym Div3 B 2021"]
[Site "chess.com INT"]
[Date "2021.08.28"]
[Round "4.3"]
[Board "4"]
[White "Tekulu, Masho Beyene"]
[Black "Jalaluldeen, Kareen Kamal J."]
[Result "0-1"]
[BlackTitle "WFM"]
[WhiteElo "1403"]
[BlackElo "1780"]
[WhiteTeam "Ethiopia"]
[BlackTeam "Iraq"]
[WhiteFideId "15702758"]
[BlackFideId "4801776"]
[EventDate "2021.08.27"]
[EventType "team"]

1. c4 Nf6 2. d3 c5 3. Nf3 g6 4. e3 Bg7 5. Be2 O-O 6. O-O Nc6 7. a3 b6 8. Nc3 Bb7
9. h3 d5 10. d4 dxc4 11. Bxc4 cxd4 12. Nxd4 Rc8 13. Nxc6 Bxc6 0-1